书目信息 |
| 题名: |
白崇禧传
|
|
| 作者: | 程思远 著 | |
| 分册: | ||
| 出版信息: | 北京 华艺出版社 1995.05 |
|
| 页数: | 328页 | |
| 开本: | 32开 | |
| 丛书名: | ||
| 单 册: | ||
| 中图分类: | K827 | |
| 科图分类: | ||
| 主题词: | 人物--传记--中国 | |
| 电子资源: | ||
| ISBN: | 7-80039-661-4 | |
| 000 | 00529nam0 2200193 45 | |
| 001 | 0009020959 | |
| 005 | 20000902093258.8 | |
| 010 | @a7-80039-661-4@d11.80元 | |
| 100 | @a20000902d1995 km y0chiy0120 ea | |
| 101 | 0 | @achi |
| 105 | @a z 000yy | |
| 200 | 1 | @a白崇禧传@ABai Chong Xi Chuan@f程思远著@FCheng Si Yuan Zhu |
| 210 | @a北京@c华艺出版社@d1995.05 | |
| 215 | @a328页@d32开 | |
| 606 | 0 | @a人物@x传记@x中国 |
| 690 | @aK827@v3 | |
| 701 | 0 | @a程思远@4著 |
| 801 | @aCN@bPftUser@c20000902 | |
| 905 | @b114469-473@dK827@eCH924@f5 | |
| 白崇禧传/程思远著.-北京:华艺出版社,1995.05 |
| 328页;32开 |
| ISBN 7-80039-661-4:11.80元 |
| ● |
| 相关链接 |
|
|
|
正题名:白崇禧传
索取号:K827/CH924
 
预约/预借
| 序号 | 登录号 | 条形码 | 馆藏地/架位号 | 状态 | 备注 |
| 1 | 114469 | 201144699 | 自科二线404/400A自科库 6排2列1层/ [索取号:K827/CH924] | 在馆 | |
| 2 | 114470 | 201144706 | 社科库309/309社科库 56排1列6层/ [索取号:K827/CH924] | 在馆 | |
| 3 | 114471 | 201144715 | 社科库309/309社科库 56排1列6层/ [索取号:K827/CH924] | 在馆 | |
| 4 | 114472 | 201144724 | 自科二线404/400A自科库 6排2列1层/ [索取号:K827/CH924] | 在馆 | |
| 5 | 114473 | 201144733 | 自科二线404/400A自科库 6排2列1层/ [索取号:K827/CH924] | 在馆 |